Decomposition Of Wage Inequalities: An Input-Output Approach
Návrh rozkladového prístupu založenom na analýze vstupu a výstupu, ktorý umožní rozlíšiť účinky v oblasti nerovnosti rozloženia bohatstva medzi rozvinutými a rozvíjajúcimi sa krajinami.
Gespeichert in:
| 1. Verfasser: | |
|---|---|
| Weitere Verfasser: | |
| Format: | Buchkapitel |
| Sprache: | Englisch |
| Schlagworte: | |
| Tags: |
Keine Tags, Fügen Sie das erste Tag hinzu!
|
MARC
| LEADER | 00000naa$a2200000$$$4500 | ||
|---|---|---|---|
| 001 | 0250253 | ||
| 005 | 20240502074017.3 | ||
| 041 | 0 | |a eng | |
| 044 | |a SK | ||
| 245 | 1 | 0 | |a Decomposition Of Wage Inequalities: An Input-Output Approach |c Martin Lábaj, Paula Puškárová |
| 520 | |a Návrh rozkladového prístupu založenom na analýze vstupu a výstupu, ktorý umožní rozlíšiť účinky v oblasti nerovnosti rozloženia bohatstva medzi rozvinutými a rozvíjajúcimi sa krajinami. | ||
| 610 | 2 | 0 | |a nerovnosť príjmová |
| 610 | 2 | 0 | |a analýza komparatívna |
| 610 | 2 | 0 | |a reťazce hodnotové globálne |
| 610 | 2 | 0 | |a input-output |
| 100 | 1 | |a Lábaj, Martin, 1982- | |
| 700 | 1 | |a Puškárová, Paula, 1985- | |